| 000 -LEADER |
| fixed length control field |
00545nam a22001817a 4500 |
| 008 - FIXED-LENGTH DATA ELEMENTS--GENERAL INFORMATION |
| fixed length control field |
170725b xxu||||| |||| 00| p tur d |
| 020 ## - INTERNATIONAL STANDARD BOOK NUMBER |
| International Standard Book Number |
9789752898301 |
| 041 ## - LANGUAGE CODE |
| Language code of text/sound track or separate title |
Türkçe |
| 050 ## - LIBRARY OF CONGRESS CALL NUMBER |
| Classification number |
PL248.E6967 |
| 100 ## - MAIN ENTRY--PERSONAL NAME |
| Personal name |
Erözçelik, Seyhan |
| 9 (RLIN) |
396 |
| 245 ## - TITLE STATEMENT |
| Title |
Pentimento |
| Statement of responsibility, etc. |
Seyhan Erözçelik |
| Remainder of title |
Old father, Old Artificer, Stand Me Now and Ever in Good Stead |
| 250 ## - EDITION STATEMENT |
| Edition statement |
1.Basım |
| 260 ## - PUBLICATION, DISTRIBUTION, ETC. |
| Place of publication, distribution, etc. |
İstanbul |
| Name of publisher, distributor, etc. |
Everest Yayınları |
| Date of publication, distribution, etc. |
Ocak 2011 |
| 300 ## - PHYSICAL DESCRIPTION |
| Extent |
93 Sayfa |
| 500 ## - GENERAL NOTE |
| General note |
Everest: 889; Şiir: 78 |
| 650 #0 - SUBJECT ADDED ENTRY--TOPICAL TERM |
| 9 (RLIN) |
145 |
| Topical term or geographic name entry element |
Türk Edebiyatı |
| 942 ## - ADDED ENTRY ELEMENTS (KOHA) |
| Source of classification or shelving scheme |
|
| Koha item type |
Books |